Central Library, Doon University
WEBOPAC (ONLINE PUBLIC ACCESS CATALOGUE)

Advanced Mathematics (Record no. 60746)

MARC details
000 -LEADER
fixed length control field 00505nam a22001817a 4500
005 - DATE & TIME
control field 20260425122521.0
008 - FIXED-LENGTH DATA ELEMENTS--GENERAL INFORMATION
fixed length control field 260425b |||||||| |||| 00| 0 eng d
020 ## - ISBN
International Standard Book Number 9783111700144
Price 2099.00
040 ## - CATALOGING SOURCE
Original cataloging agency Doon University
041 ## - Language
Language English
082 ## - DDC NUMBER
Classification number 510
Book Number GUI
100 ## - MAIN ENTRY--PERSONAL NAME
Personal name Guidotti, Patrick
245 ## - TITLE STATEMENT
Title Advanced Mathematics
Sub Title : an Invitation in Preparation for Graduate School
260 ## - PUBLICATION, DISTRIBUTION, ETC. (IMPRINT)
Place of publication, distribution, etc Berlin
Name of publisher, distributor, etc De Gruyter
Date of publication, distribution, etc 2025
300 ## - PHYSICAL DESCRIPTION
Pages 200
650 ## - Subject
Subject Mathematics (PM USHA)
942 ## - ADDED ENTRY ELEMENTS (KOHA)
Koha item type Books
100 ## - MAIN ENTRY--PERSONAL NAME
-- 26764
650 ## - Subject
-- 26738

No items available.

Contact : +91-135-2533126 (Library),+91-135-2533105 (Admin Office) , Email : doonlibrary@gmail.com

Powered by Koha